| 000 | 00932nam2a2200253 4500 | ||
|---|---|---|---|
| 001 | RU\NLR\bibl\1728723 | ||
| 005 | 20250616075012.0 | ||
| 010 |
_a978-5-9614-1417-2 _92000 |
||
| 021 |
_aRU _b2010-102137 _96905 |
||
| 035 | _a(NLR Aleph) 001719683 | ||
| 090 |
_a1331775 _c1331775 |
||
| 100 | _a20110131d2010 |||y0rusy50 ca | ||
| 101 | 1 |
_arus _ceng |
|
| 102 | _aRU | ||
| 105 | _ay ||||||||| | ||
| 200 | 1 |
_aИли-или _fпер. с англ. [В. Вебера] |
|
| 210 |
_d2010 _aБ. м. |
||
| 215 | _a385 с. | ||
| 461 | 0 |
_1001RU\NLR\bibl\1732781 _12001#$aАтлант расправил плечи$vЧ. 2 _91356019 _aРэнд, Э. (1905-1982) _cМосква _d2010 _fАйн Рэнд _nАльпина Паблишерз _o[роман : в 3 ч.] _tАтлант расправил плечи _y978-5-9614-1456-1 _vЧ. 2 |
|
| 801 | 0 |
_aRU _bNLR _c20110131 _gRCR |
|
| 801 | 1 |
_aRU _bNLR _c20110131 |
|
| 942 | _cBOOK | ||
| 980 | _aNB | ||